Countries where straykids performed live - Statistics

General Stats
  • This quiz has been taken 23 times
  • The average score is 16 of 24
Answers on the Map
Answers color-coded by a green-red scale on the quiz's map according to % correct below.
 
Answer Stats
% Correct
94%
94%
94%
88%
88%
88%
82%
76%
76%
76%
76%
76%
71%
71%
65%
65%
53%
47%
47%
41%
35%
35%
35%
29%
No matching quizzes found
Score Distribution
Percent of People with Each Score
Percentile by Number Answered
Your Score History
You have not taken this quiz